Normal view
MARC view
Entry Uniform Title
001 - CONTROL NUMBER
- control field: 27757
003 - CONTROL NUMBER IDENTIFIER
- control field: dpl
005 - DATE AND TIME OF LATEST TRANSACTION
- control field: 20110506105434.0
008 - FIXED-LENGTH DATA ELEMENTS
- fixed length control field: 110506|||a|||||| | ||| d
040 ## - CATALOGING SOURCE
- Original cataloging agency: dpl
- Transcribing agency: dpl
130 ## - HEADING--UNIFORM TITLE
- Uniform title: Delhi walla
670 ## - SOURCE DATA FOUND
- Source citation: Work cat.: (dpl)52072: Soofi, Mayank Austen 27756, the Delhi walla, food + drink, 2010
670 ## - SOURCE DATA FOUND
- Source citation: Work cat.: (dpl)52072: Soofi, Mayank Austen 27756, the Delhi walla, food + drink, 2010
